000 01087nam a22002417a 4500
999 _c9238
_d9238
003 AR-CdUCM
008 190327b ||||| |||| 00| 0 spa d
040 _aMUNICIPALIDAD PROVINCIAL DEL CUSCO
_cBIBLIOTECA MUNICIPAL DEL CUSCO
082 _a303.2 /
_bC81
110 _aComisión de la verdad y reconciliación
_920754
245 _aDe la negociación al reconocimiento :
_bMemorias del seminario internacional procesos post comisiones de la verdad /
260 _aLima :
_bCentro de estudios y publicaciones,
_c2003.
300 _a408 páginas ;
_c23 cm.
505 _aContenido: Del conflicto armado a las comisiones de la verdad -- Desafíos de la comisión de la verdad -- Propuestas para la reconciliación ...
650 _aComisión de la verdad y reconciliación
_923006
650 _aConflicto armado
_925316
650 _aDemocracia
_92598
650 _aPerú
_935
710 _aInternational IDEA
_tCentro internacional para la justicia transicional
_925317
710 _aOficina del alto comisionado para los derechos humanos
_925318
942 _2ddc
_cLIBROS
945 _aacv